Cultureshock! : Spain : A survival guide to customs and etiquette
Αποθηκεύτηκε σε:
| Κύριος συγγραφέας: | |
|---|---|
| Μορφή: | Βιβλίο |
| Γλώσσα: | Undetermined |
| Έκδοση: |
Singapore
Marshall Cavendish
2005
|
| Θέματα: | |
| Ετικέτες: |
Προσθήκη ετικέτας
Δεν υπάρχουν, Καταχωρήστε ετικέτα πρώτοι!
|
| Thư viện lưu trữ: | Trung tâm Học liệu Trường Đại học Cần Thơ |
|---|
| LEADER | 00646nam a2200217Ia 4500 | ||
|---|---|---|---|
| 001 | CTU_128322 | ||
| 008 | 210402s9999 xx 000 0 und d | ||
| 020 | |c 160000 | ||
| 082 | |a 946 | ||
| 082 | |b G736 | ||
| 100 | |a Graff, Marie Louise | ||
| 245 | 0 | |a Cultureshock! : | |
| 245 | 0 | |b Spain : A survival guide to customs and etiquette | |
| 245 | 0 | |c Marie Louise Graff | |
| 260 | |a Singapore | ||
| 260 | |b Marshall Cavendish | ||
| 260 | |c 2005 | ||
| 650 | |a Spain,Tây Ban Nha | ||
| 650 | |x Social life and customs.,Đời sống xã hội và phong tục | ||
| 904 | |i Minh | ||
| 980 | |a Trung tâm Học liệu Trường Đại học Cần Thơ | ||